header

The electoral college (Record no. 162217)

MARC details
000 -LEADER
fixed length control field 01399nam a2200349 a 4500
082 04 - DEWEY DECIMAL CLASSIFICATION NUMBER
Classification number 324.6/3
245 04 - TITLE STATEMENT
Title The electoral college
260 ## - PUBLICATION, DISTRIBUTION, ETC. (IMPRINT)
Place of publication Hauppauge, N.Y. :
Name of publisher Nova Science Publishers,
Year of publication c2011.
300 ## - PHYSICAL DESCRIPTION
Number of Pages ix, 114 p. :
Other physical details ill.
490 1# - SERIES STATEMENT
Series statement American political, economic, and security issues
650 #0 - SUBJECT ADDED ENTRY--TOPICAL TERM
Topical Term Electoral college
Topical Term Presidents
700 1# - ADDED ENTRY--PERSONAL NAME
Personal name Miller, Robert T.,
856 40 - ELECTRONIC LOCATION AND ACCESS
Uniform Resource Identifier http://site.ebrary.com/lib/rucke/Doc?id=10671105

No items available.

© 2026 Rongo University
Contact us: librarian | system librarian | Rongo university